000 01196pam a2200313 a 4500
999 _c130493
_d130493
001 4886825
003 ARRUPE
005 20201015105112.0
008 930211s1993 maua b 001 0 eng c
010 _a 93007042
020 _a0867203382
040 _aDNLM/DLC
_cDLC
_dDLC
050 0 0 _aRT89
_b.S885 1993
060 _aWY 105 S972i 1993
082 0 0 _a362.1/73068
_220
100 1 _aSwansburg, Russell C.
_949847
245 1 0 _aIntroductory management and leadership for clinical nurses :
_ba text-workbook /
_cRussell C. Swansburg.
260 _aBoston :
_bJones and Barlett Publishers,
_cc1993.
300 _aix, 433 p. :
_bill. ;
_c28 cm.
440 4 _aThe Jones and Bartlett series in nursing
_949848
504 _aIncludes bibliographical references abd index.
650 0 _aNursing services
_xAdministration.
_949849
650 2 _aAdministrative Personnel.
_949850
650 2 _aNurse Administrators.
_949851
650 2 _aNursing, Supervisory.
_949852
906 _a7
_bcbc
_corignew
_d1
_eocip
_f19
_gy-gencatlg
942 _2lcc
_cMONOGRAPH